000 00570nam a2200169 i 4500
001 72854
003 ES-MaACL
005 20230906171559.0
007 t|
008 040903s1918 sp ||||1| spa d
100 1 _aGoicoechea, Francisco L. de.
_957607
245 1 3 _aLa legislación civil y el proletariado /
_cpor Francisco L. de Goicoechea, Luis de la Peña y Costa, Alfonso Cortezo y Collantes.
260 _aMadrid :
_b[s.n.,
_c1918]
700 1 _aPeña y Costa, Luis de la.
_990286
700 1 _aCortezo y Collantes, Alfonso.
_940924
852 _aES-MaACL
_j1559-F-6
999 _c72854
_d72854